Statistics for Cities by Former Names #2

Click here to take the quiz!

General Stats

  • This quiz has been taken 125 times
  • The average score is 5 of 14

Answer Stats

CurrentFormer% Correct
BeijingPeking
91%
Nur-SultanAstana
88%
GdańskDanzig
74%
ChennaiMadras
60%
LondonLondinium
51%
PuducherryPondicherry
32%
WrocławBreslau
24%
AlmatyAlma-Ata/Verniy
22%
PodgoricaTitograd
21%
DhakaDacca
18%
NuukGodthåb
15%
AmmanPhiladelphia
10%
MarrakeshMorocco
5%
ZürichTuricum
4%

Score Distribution

Percentile by Number Answered

Percent of People with Each Score

Your Score History

You have not taken this quiz